Random Animals 3!! - Statistics

General Stats
  • This quiz has been taken 12 times
  • The average score is 10 of 16
Answer Stats
Picture Answer % Correct
Cheetah
100%
Giraffe
100%
Parrot
100%
Goldfish
92%
Kangaroo
92%
Orca
92%
Hedgehog
83%
Raccoon
83%
Badger
75%
Mountain goat
67%
Ibis
42%
Okapi
42%
Kudu
8%
Mule deer
8%
Sandhill crane
8%
Fallow deer
0%
No matching quizzes found
Score Distribution
Percent of People with Each Score
Percentile by Number Answered
Your Score History
You have not taken this quiz